Tvárnenie kovov

Bibliographic Details
Main Author: Kollerová, Mária (Author)
Format: Book
Language:Slovak
PhysicalDescription:287 s., 24,85 AH Tb. Sch. 29 cm
Published: Bratislava S.l. Alfa VŠT v Košiciach [vyd.] 1984
Edition:1. vyd.
Series:Vysokoškolské učebné texty
Subjects:

MARC

LEADER 00000nam a2200000 a 4500
001 vtls001093621
003 SK-MaSNL
005 20260302025210.0
008 250414s1984 xo 0 slo
015 |a SNBA1985/02 
035 |a SNK000036463 
040 |a SNK  |b slo  |c SNK  |e AACR2 
041 0 |a slo 
044 |a xo  |c SK 
080 |a 621.77(075.8)  |2 1981 
100 1 |a Kollerová, Mária  |4 aut  |9 201718 
245 1 0 |a Tvárnenie kovov  |c Mária Kollerová 
250 |a 1. vyd. 
260 |a Bratislava  |b Alfa  |a S.l.  |b VŠT v Košiciach [vyd.]  |c 1984  |e Nitra  |f Nitrianske tlačiarne 
300 |a 287 s., 24,85 AH  |b Tb. Sch.  |c 29 cm 
366 |e 200 výtl. 
490 1 |a Vysokoškolské učebné texty 
504 |a Obsahuje bibliografiu 
650 0 7 |a kovy  |2 SNKPH  |9 16608 
655 7 |a učebnice vysokých škôl  |2 SNKPH  |9 70191 
830 0 |a Vysokoškolské učebné texty  |9 276539 
852 |a Slovenská národná knižnica 
954 |a kovy  |a tvárnenie objemové 
958 |a OND 
958 |a NB 
958 |a TL 
958 |a UV 
999 |c 1043313  |d 1045243 
952 |t P60, <04>, [BOOK], {604}  |a SNK  |b SNK  |y VYP  |7 0  |p 17A0207583  |o snkSB 38554 D1  |0 0  |1 0  |4 0  |d 1999-08-30  |l 0  |r 2004-12-31 00:00:00  |w 2026-02-24 
952 |a SNK  |b SNK  |y PREZ  |7 0  |p 17A0774231  |o snkSB 38554  |0 0  |1 0  |4 0  |d 2012-05-28  |f 1  |l 0  |r 2025-04-23 00:00:00  |w 2026-02-24